000 00207nam a22000857a 4500
001 1235191
005 20250930110959.0
245 _aYAŞAM VE ÖLÜM
_cBRIGITTE LABBE
260 _bGÜNIŞIĞI KİTAPLIĞI YAYINLARI
999 _c1235191
_d1235191